Documento firmado por el Rey [Felipe V] (Record no. 4671)
[ view plain ]
| 000 -CABECERA | |
|---|---|
| campo de control de longitud fija | 01466nam a2200301 a 4500 |
| 001 - NÚMERO DE CONTROL | |
| campo de control | BRCA_4977 |
| 005 - FECHA Y HORA DE LA ÚLTIMA TRANSACCIÓN | |
| campo de control | 20190320204902.0 |
| 008 - DATOS DE LONGITUD FIJA--INFORMACIÓN GENERAL | |
| campo de control de longitud fija | 271010s1721----mx-######v---#000-0#spa-# |
| 041 ## - CÓDIGO DE LENGUA | |
| Código de lengua del texto/banda sonora o título independiente | spa |
| 044 ## - CÓDIGO DEL PAÍS DE LA ENTIDAD EDITORA/PRODUCTORA | |
| Código MARC del país | mx |
| 084 ## - OTRO NÚMERO DE CLASIFICACIÓN | |
| Número de clasificación | DOC64 |
| Número de documento/Ítem | .D63 |
| -- | 1721 |
| 245 10 - MENCIÓN DE TÍTULO | |
| Título | Documento firmado por el Rey [Felipe V] |
| Mención de responsabilidad, etc. | [Felipe V]. |
| 260 ## - PUBLICACIÓN, DISTRIBUCIÓN, ETC. | |
| Lugar de publicación, distribución, etc. | San Lorenzo del Real, Madrid |
| Fecha de publicación, distribución, etc. | 1721 |
| 300 ## - DESCRIPCIÓN FÍSICA | |
| Extensión | [2] fojas |
| Dimensiones | 31 x 21 cm. |
| 500 ## - NOTA GENERAL | |
| Nota general | Documento firmado el 30 de julio de 1721. |
| 500 ## - NOTA GENERAL | |
| Nota general | Documento dirigido al Virrey de la Nueva España, Audiencias, Gobernadores, Oficiales Reales y Cabildos Seculares de aquellos dominios, repitiendo la orden que está dada sobre que no permitan en los Puertos la entrada y comercio de navíos y géneros franceses por el motivo de la peste. |
| 500 ## - NOTA GENERAL | |
| Nota general | {Real Cédula] firmada como ´Yo el Rey´. |
| 500 ## - NOTA GENERAL | |
| Nota general | Contiene la leyenda DOC. #74. |
| 500 ## - NOTA GENERAL | |
| Nota general | Papel marca de agua. |
| 500 ## - NOTA GENERAL | |
| Nota general | Estado de conservación: el margen derecho se encuentra con roturas y contiene manchas de acides ocasionadas por la tinta. |
| 506 0# - NOTA DE RESTRICCIONES AL ACCESO | |
| Limitaciones de acceso | Fondo Reservado. Para su consulta es necesario credencial de usuario y carta de motivos. |
| 546 ## - NOTA DE LENGUA/LENGUAJE | |
| Nota de lengua/lenguaje | Texto en: español de principios del siglo XVIII. |
| 600 14 - PUNTO DE ACCESO ADICIONAL DE MATERIA--NOMBRE DE PERSONA | |
| Nombre de persona | Felipe |
| Numeración | V, |
| Títulos y otros términos asociados al nombre | Rey de España, |
| Fechas asociadas al nombre | 1683-1746 |
| Subdivisión general | Historia |
| 9 (RLIN) | 12669 |
| 650 14 - PUNTO DE ACCESO ADICIONAL DE MATERIA--TÉRMINO DE MATERIA | |
| Término de materia o nombre geográfico como elemento de entrada | Documentos legales |
| Subdivisión general | Historia |
| Subdivisión cronológica | Casa de Borbón, 1700 |
| Subdivisión geográfica | España |
| 9 (RLIN) | 12670 |
| 651 #4 - PUNTO DE ACCESO ADICIONAL DE MATERIA--NOMBRE GEOGRÁFICO | |
| Nombre geográfico | México |
| Subdivisión general | Historia |
| Subdivisión cronológica | Colonia, 1521-1821 |
| 9 (RLIN) | 12461 |
| 902 ## - CATALOGADOR | |
| Iniciales | FDH |
| 942 ## - ELEMENTOS DE PUNTO DE ACCESO ADICIONAL (KOHA) | |
| Fuente del sistema de clasificación o colocación | Library of Congress Classification |
| Tipo de ítem Koha | Documentos |
| Estado de retiro | Estado de pérdida | Estado dañado | No para préstamo | Localización permanente | Ubicación/localización actual | Fecha de adquisición | Total de préstamos | Signatura topográfica completa | Código de barras | Fecha visto por última vez | Precio válido a partir de | Tipo de ítem Koha |
|---|---|---|---|---|---|---|---|---|---|---|---|---|
| El ejemplar forma parte de la colección y puede ser consultado según las políticas vigentes. | Biblioteca del Museo Franz Mayer (Rogerio Casas-Alatriste) | Biblioteca del Museo Franz Mayer (Rogerio Casas-Alatriste) | 27/10/2010 | DOC64 .D63 1721 | 5057 | 22/03/2019 | 22/03/2019 | Documentos |